000
00265nam a22001337a 4500
020
_a
1-84557-331-5
082
_a
920
_b
JOS/T
100
_a
JOSEPH,MARY
245
_a
MARIE CURIE
260
_a
UK
_b
RISING SUN
300
_a
31
650
_a
BIOGRAPHY
_z
UK
942
_c
BK
999
_c
6177
_d
6177